[Event "EU-ch U16 Girls"]
[Site "Bratislava"]
[Date "2019.08.03"]
[Round "2"]
[White "Sadka Darrell, Daria"]
[Black "Zarebska, Lena"]
[Result "1/2-1/2"]
[WhiteElo "1568"]
[BlackElo "1809"]
[PlyCount "100"]
[EventDate "2019.08.02"]
[EventType "swiss"]
[EventRounds "9"]
[EventCountry "SVK"]
[SourceTitle "CBM 191 Extra"]
[Source "ChessBase"]
[SourceDate "2019.09.30"]
[SourceVersion "1"]
[SourceVersionDate "2019.09.30"]
[SourceQuality "1"]

1. e4 c5 2. Nc3 Nc6 3. g3 g6 4. Bg2 Bg7 5. d3 e5 6. Be3 d6 7. Qd2 Nge7 8. h4 h5 9. Nh3 Nd4 10. f3 Bd7 11. Nf2 Qc8 12. Bg5 f6 13. Be3 b5 14. b3 a5 15. a4 Nec6 16. Nd5 Nb4 17. Bxd4 Nxd5 18. exd5 cxd4 19. Ne4 Qc7 20. c4 dxc3 21. Nxc3 Bh6 22. f4 exf4 23. gxf4 Bxf4 24. Qxf4 Qxc3+ 25. Kf2 Qc2+ 26. Kg3 Qxd3+ 27. Kh2 0-0 28. axb5 Qxb5 29. Qg3 Bf5 30. Rhf1 Kh7 31. Qxd6 Qb8 32. Qxb8 Rfxb8 33. d6 Ra7 34. Rxf5 gxf5 35. Bh3 Rb5 36. Rf1 Kg6 37. Rg1+ Kf7 38. Bf1 Rb4 39. Bc4+ Rxc4 40. bxc4 Ke6 41. c5 Kd5 42. Rd1+ Kc6 43. Kg3 a4 44. Kf4 a3 45. Kxf5 a2 46. Ra1 Kxc5 47. Ke6 Ra6 48. Ke7 Rxd6 49. Rc1+ Kd5 50. Rd1+ Kc5 1/2-1/2

[Event "Wch U14 Girls"]
[Site "Porto Carras"]
[Date "2018.10.21"]
[Round "2"]
[White "Sadka Darrell, Daria"]
[Black "Brunner, Sophia"]
[Result "0-1"]
[WhiteElo "1405"]
[BlackElo "1812"]
[PlyCount "96"]
[EventDate "2018.10.20"]
[EventType "swiss"]
[EventRounds "11"]
[EventCountry "GRE"]
[SourceTitle "CBM 187 Extra"]
[Source "ChessBase"]
[SourceDate "2018.11.04"]
[SourceVersion "1"]
[SourceVersionDate "2018.11.04"]
[SourceQuality "1"]

1. e4 e6 2. d4 d5 3. Nd2 Nf6 4. e5 Nfd7 5. Bd3 c5 6. c3 Nc6 7. Ngf3 Qb6 8. 0-0 cxd4 9. cxd4 Nxd4 10. Nxd4 Qxd4 11. Nf3 Qb6 12. Qa4 a6 13. a3 g6 14. Bd2 Qc6 15. Qf4 Bg7 16. Be3 b6 17. Bd4 0-0 18. Rac1 Nc5 19. Qe3 Qd7 20. Bxc5 bxc5 21. Rxc5 Bb7 22. Nd4 Rfc8 23. Rxc8+ Rxc8 24. f4 Bf8 25. Qd2 Bc5 26. Bb1 Qa4 27. b4 Bb6 28. Kh1 Qxa3 29. f5 Bxd4 30. fxg6 Be3 31. gxf7+ Kf8 32. Qe2 Rc1 33. Bd3 Rxf1+ 34. Qxf1 Qc1 35. Qxc1 Bxc1 36. Bxh7 Kxf7 37. h4 Bf4 38. g4 Bxe5 39. g5 Bg3 40. h5 Bf4 41. g6+ Kg7 42. Kg2 Bd2 43. Kf3 Bxb4 44. Kf4 Bc3 45. Kg5 Bd2+ 46. Kg4 a5 47. h6+ Bxh6 48. Kh5 a4 0-1